Dioses, diosas y mitos de la creación: -Gods. Goddesses, and Myths of Creation-

Saved in:
Bibliografiske detaljer
Hovedforfatter: Eliade, Mircea (Author)
Format: Bog
Sprog:spansk
Udgivet: Buenos Aires Megápolis 1977
Udgivelse:1a. ed
Serier:De los Primitivos al Zen, 1
Fag:
Tags: Tilføj Tag
Ingen Tags, Vær først til at tagge denne postø!

MARC

LEADER 00000cam a2200000 a 4500
001 UCC3462
003 CL-VaPUC
008 180518e19770000ag |||||||||||||||||spa|d
082 0 4 |a 291.13  |b ELI  |2 21 
100 0 |a Eliade, Mircea  |e author  |9 597452 
245 1 0 |a Dioses, diosas y mitos de la creación: -Gods. Goddesses, and Myths of Creation- 
250 |a 1a. ed 
300 |a 232 p 
942 |c BK 
945 |d 20180518 12:56:00  |a arojas 
260 |a Buenos Aires  |b Megápolis  |c 1977 
650 0 |a Mitología   |9 255719 
650 7 |a TEOGONIA  |2 CL-VaPUC  |9 433288 
650 0 |a Cosmogonía   |9 268652 
650 0 |a Mitos  |9 267117 
650 0 |a Dioses  |9 265645 
583 |a last modification  |c 20180518 12:56:00  |k Rodrigo Vera 
490 0 |a De los Primitivos al Zen, 1 
999 |c 371160  |d 371158 
952 |0 0  |1 0  |3 erb  |4 0  |6 291_130000000000000_ELI_1977  |7 0  |8 A  |9 488059  |a BIBEDU  |b BIBEDU  |i 5469872  |l 1  |o 291.13 ELI 1977  |p 5469872  |r 2024-04-12  |s 2024-04-08  |w 2019-11-24  |y BK  |z Catalogado en:20180518  |k FIL